Normal view
MARC view
- Bartlett,H.Moyese
Entry Personal Name
001 - CONTROL NUMBER
- control field: 108379
003 - CONTROL NUMBER IDENTIFIER
- control field: NUST
005 - DATE AND TIME OF LATEST TRANSACTION
- control field: 20230201130627.0
008 - FIXED-LENGTH DATA ELEMENTS
- fixed length control field: 230201|| aca||aabn | a|a d
040 ## - CATALOGING SOURCE
- Original cataloging agency: NUST
- Transcribing agency: NUST
100 ## - HEADING--PERSONAL NAME
- Personal name: Bartlett,H.Moyese
670 ## - SOURCE DATA FOUND
- Source citation: Work cat.: (NUST)193977: Bartlett,H.Moyese , Great movements in european history (1660-1919) / , 1940
